000 00843cam a2200241 a 4500
001 742474
005 20180315090539.0
008 990707s2000 maua b 001 0 eng
010 _a 99039238
020 _a0205298567
040 _aDLC
_cDLC
_dDLC
041 _aeng
080 _a808/.042 LEO
082 0 0 _a808/.042 LEO
_221
100 1 _a25
101 _aEDU
245 1 4 _aThe Allyn & Bacon handbook /
_cLeonard J. Rosen, Laurence Behrens.
246 3 _aAllyn and Bacon handbook
504 _aIncludes bibliographical references (p. 810-815) and index.
906 _a7
_bcbc
_corignew
_d1
_eocip
_f19
_gy-gencatlg
942 _2ddc
_cBK
999 _c45156
_d45156